| 000 | 00908nam a22001937a 4500 | ||
|---|---|---|---|
| 999 |
_c56801 _d56801 |
||
| 003 | Ge_BSU | ||
| 005 | 20190430144608.0 | ||
| 008 | 190430b1973 ge ||||| |||| 00| 0 geo d | ||
| 041 | _ageo | ||
| 080 | _a624.2/.8(072) ბ-72 | ||
| 100 |
_aბიუსი, ი _9471 |
||
| 245 |
_aმეთოდური მითითები ფოლადის ხიდის საკურსო და სადიპლომო პროექტის დამუშავებისათვის / _cი. ბიუსი ; რედ. კირვალიძე. |
||
| 264 |
_aთბილისი : _bსპი ; _c1976 |
||
| 300 |
_a71 გვ. : _bნახაზები ; _c20 სმ. |
||
| 504 | _aბიბლიოგრ. : გვ. 70. | ||
| 653 | _aფოლადის ხიდები | ||
| 700 |
_aკირვალიძე, ე. _eრედაქტორი _9538 |
||
| 942 |
_2udc _cBK |
||